Wine and culture : vineyard to glass

Αποθηκεύτηκε σε:
Λεπτομέρειες βιβλιογραφικής εγγραφής
Άλλοι συγγραφείς: Black, Rachel, 1975- (edtf), Ulin, Robert C. (Robert Charles), 1951- (Επιμελητής έκδοσης)
Μορφή: Βιβλίο
Γλώσσα:English
Δημοσίευση: London : Bloomsbury, 2013.
Θέματα:
Ετικέτες: Προσθήκη ετικέτας
Δεν υπάρχουν, Καταχωρήστε ετικέτα πρώτοι!

MARC

LEADER 00000cam a2200000 a 4500
001 1/106470
008 150522s2013####xxk| ||| |||| ||eng||
020 |a 9780857854018 (χαρτόδ.) 
040 |a GR-MyUa  |b gre  |c GR-MyUa  |e AACR2 
041 0 |a eng 
082 7 |a 641.22   |2 (23) 
245 0 0 |a Wine and culture :   |b vineyard to glass /   |c edited by Rachel E. Black and Robert C. Ulin.  
260 |a London :   |b Bloomsbury,   |c 2013.  
300 |a vi, 323 σ. ;  |c 25 εκ.  
504 |a Περιλαμβάνει βιβλιογραφία και ευρετήριο.  
505 8 |a I. Rethinking Terroir. The social life of Terroir among Bordeaux winemakers / Sarah Daynes -- The things that count : rethinking Terroir in Australia / Robert Swinburn -- Space and Terroir in the Chilean wine industry / Nicolas Sternsdorff Cisterna -- Terroir and locality : an anthropological perspective / Robert C. Ulin -- II. Relationships of power and the construction of place. Tasting wine in Slovakia : postsocialist elite consumption of cultural particularities / Juraj Buzalka -- Wine histories, wine memories, and local identities in western Poland / Ewa Kopczyńska -- El Sabor de Galicia : wine as performance in Galicia, Spain / Christina M. Ceisel -- "Local, loyal and constant" : the legal construction of wine in Bordeaux / Erica A. Farmer -- Cultural patrimony and the bureaucratization of wine : the Bulgarian case / Yuson Jung -- III. Labor, commodification, and the politics of wine. Following Grands Crus : global markets, transnational histories, and wine / Marion Demossier -- Georgian wine : the transformation of socialist quantity into postsocialist quality / Adam Walker and Paul Manning -- Regimes of regulation, gender, and divisions of labor in Languedoc viticulture / Winnie Lem -- IV. Technology and nature. Pursuits of quality in the vineyards : French oenologists at work in Lebanon / Elizabeth Saleh -- The artifice of natural wine : Jules Chauvet and the reinvention of vinification in postwar France / Paul Cohen -- Vino Naturale : tensions between nature and technology in the glass / Rachel E. Black.  
650 0 |a Wine and wine making. 
650 0 |a Wine and wine making   |x Social aspects. 
700 1 |a Black, Rachel,  |d 1975-  |e edtf 
700 1 |a Ulin, Robert C.   |q (Robert Charles),   |d 1951-  |e edt 
852 |a INST  |b LESVOS  |e 20150526  |h 641.22 WIN  |p 005100056629  |q 005100056629  |t BK  |y 0 
970 |a Τζαφέρη  |b Ευαγγελία